000 00476nam a2200181Ia 4500
005 20250507130200.0
008 008 250505s9999 xx 000 0 eng d
037 _aSeries Article
040 _aEASL
_beng
_cEASL
041 _aeng
_2eng
084 _qEASL
245 0 _aRok-U.S. ties under fire Shi Yongming
260 _aChina
_bBeijing Beijing Review China
_c2003
300 _a16-17
650 _aPolitics
942 _cSRA
999 _c1318174
_d1318174